000 01329nam a2200325 a 4500
001 BRCA_5086
005 20190320204931.0
008 111110s195u----nyuac#####---#000-0#eng-#
041 _aeng
044 _anyu
050 4 _aN620
_b.P75 4 1950
245 1 0 _aPrints and Drawings by Great Masters.
260 _aNueva York
_bWilliam H. Schab Gallery
_c[195-?]
300 _a2 v.
_bil. (algunas a color), láminas, retratos
_c29 cm.
500 _aEstado físico: catálogo 38 deteriorado
500 _aCatálogo de la exposición realizada en la Galería William H. Schab (Nueva York)
500 _aSon dos catálogos con el mismo número de inventario
500 _aVer también CEF58, CEF59 y CEF78
500 _aDD38
505 0 _aContenido: Catálogo 38. Six centuries of graphics arts. -- Catálogo 40. Prints and drawings by the great masters of the 15th to 20th centuries from private collections in impressions of the highest quality
650 1 4 _aDibujos
_vExposiciones
_912962
650 1 4 _aGrabados
_vEsposiciones
_912963
650 1 4 _aArte
_xColecciones particulares
_97906
650 1 4 _aColeccionistas y colecciones
_912964
650 1 4 _aSubastas
_97837
650 1 4 _aGalerías y museos
_zEstados Unidos
_97437
710 2 _aGalería William H. Schab (Nueva York)
_912965
902 _aGFM
942 _2lcc
_cB
999 _c4780
_d4780